Digital Image Processing : (Record no. 593356)
[ view plain ]
| 000 -LEADER | |
|---|---|
| fixed length control field | 00771nam a22001817a 4500 |
| 003 - CONTROL NUMBER IDENTIFIER | |
| control field | NUST |
| 005 - DATE AND TIME OF LATEST TRANSACTION | |
| control field | 20230220092054.0 |
| 020 ## - INTERNATIONAL STANDARD BOOK NUMBER | |
| International Standard Book Number | 8120329716 |
| 082 ## - DEWEY DECIMAL CLASSIFICATION NUMBER | |
| Classification number | 621.367,JOS |
| 100 ## - MAIN ENTRY--PERSONAL NAME | |
| Personal name | A. Joshi, Madhuri |
| 9 (RLIN) | 109233 |
| 245 ## - TITLE STATEMENT | |
| Title | Digital Image Processing : |
| Remainder of title | an Algorithmic Approcah / |
| Statement of responsibility, etc. | Madhuri A. Joshi, |
| 260 ## - PUBLICATION, DISTRIBUTION, ETC. | |
| Place of publication, distribution, etc. | Prentice Hall |
| Name of publisher, distributor, etc. | India |
| Date of publication, distribution, etc. | 2006 |
| 300 ## - PHYSICAL DESCRIPTION | |
| Extent | xvii, 337 p |
| 505 ## - FORMATTED CONTENTS NOTE | |
| Formatted contents note | Digital Image Processing (Page-1), Different Image Transforms (Page-38), Image Enhancement (Page-69), Restoration (Page-97), Image Analysis (Page-110), Applications of Image Processing (Page-144), Image Coding and Image Compression (Page-175), Computer Tomograpy (Page-218). |
| 650 ## - SUBJECT ADDED ENTRY--TOPICAL TERM | |
| Topical term or geographic name entry element | Digital Image Processing |
| 9 (RLIN) | 109234 |
| 651 ## - SUBJECT ADDED ENTRY--GEOGRAPHIC NAME | |
| Geographic name | Algorithmic Approcah |
| 9 (RLIN) | 109235 |
| 942 ## - ADDED ENTRY ELEMENTS (KOHA) | |
| Source of classification or shelving scheme | |
| Koha item type | Book |
| Withdrawn status | Lost status | Source of classification or shelving scheme | Damaged status | Not for loan | Permanent Location | Current Location | Shelving location | Date acquired | Total Checkouts | Full call number | Barcode | Date last seen | Price effective from | Koha item type | Public note |
|---|---|---|---|---|---|---|---|---|---|---|---|---|---|---|---|
| Military College of Signals (MCS) | Military College of Signals (MCS) | General Stacks | 02/20/2023 | 621.367,JOS | MCS34467 | 02/20/2023 | 02/20/2023 | Book | Almirah No.71, Shelf No.3 | ||||||
| Military College of Signals (MCS) | Military College of Signals (MCS) | General Stacks | 02/20/2023 | 621.367,JOS | MCS33708 | 02/20/2023 | 02/20/2023 | Book | Almirah No.71, Shelf No.3 |
